000 00438nmm a2200157Ia 4500
008 251105s9999||||xx |||||||||||||||||und||
020 _a9789580612568
041 _aspa
100 _aCampot, Maria
245 0 _aTres evas sin paraíso
264 _a[Bogotá, Colombia] :
_bOveja Negra,
_c2014
300 _a290 páginas
650 _aLatin American narrative
856 _uhttps://public.digitaliapublishing.com/a/37843
942 _cCF
999 _c94913
_d94913